000 00694nam a2200253 i 4500
001 bgj
100 1 _aDOYLE, Arthur Conan
_d(1859-1930).
245 1 0 _aThe Adventures of Sherlock Holmes /
_cArthur Conan Doyle, Sir.
250 _a[Repr.].
260 _aWare, England,
_c1993
_aWordsworth Classics.
300 _a446 pp :
_bill. ;
_c18 cm.
490 1 _aWordsworth Classics
650 9 _aCharacter
650 9 _aDetective and mystery stories
_aEnglish
651 9 _aEngland
655 _aFiction
830 _aWordsworth Classics
020 _a1853260339
040 _cBPK
041 0 _aeng
920 _a1-85326-033-9
942 _cKS
008 s uk f |000 0 eng
999 _c47769
_d47769
856 _uhttp://koha.tu.koszalin.pl/cgi-bin/koha/opac-detail.pl?biblionumber=47769
_yKatalog online BPK